000 00917cam a2200277 a 4500
008
020 _a9781437702712 (hbk.)
049 _aMAIN
090 _aRJ386
_bPED
245 0 0 _aPediatric allergy :
_bprinciples and practice /
_cDonald Leung ... [et al.]
250 _a2nd ed
260 _aEdinburgh :
_bSaunders/Elsevier,
_c2010.
300 _axv, 688 p. :
_bill.(chiefly col.) ;
_c29 cm.
650 2 _aImmune System Diseases
_xphysiopathology.
650 2 _aImmune System Diseases
_xin infancy & childhood.
650 2 _aImmune System Diseases
_xepidemiology.
650 2 _aImmune System Diseases
_xtherapy.
650 2 _aImmunity
_xphysiology.
650 0 _aImmunologic diseases in children.
700 1 _aLeung, Donald Y. M.
907 _a.b10383487
_b22-09-17
_c22-09-17
003
005 20230120204222.0
040 _cNUST
942 _cBOOKS
_kRJ386
_mPED
999 _c119268
_d119268